[Event "23rd OIBM 2019"]
[Site "Gmund am Tegernsee"]
[Date "2019.10.31"]
[Round "6.28"]
[White "Schaffarczyk, Andre"]
[Black "Lavrinenkov, Vadim"]
[Result "0-1"]
[WhiteElo "2084"]
[BlackElo "2306"]
[Annotator "RC"]
[PlyCount "106"]
[EventDate "2019.10.17"]
[EventType "swiss"]
[EventCountry "GER"]
[SourceTitle "playchess.com"]
[Source "ChessBase"]
[SourceQuality "1"]
[TimeControl "40/5400+30:1800+30"]

1. e4 {[%emt 0:00:00]} c5 {[%emt 0:00:15]} 2. Be2 {[%emt 0:00:00]} e6 {[%emt 0:01:39]} 3. f4 {[%emt 0:00:07]} d5 {[%emt 0:00:37]} 4. d3 {[%emt 0:00:24]} Nc6 {[%emt 0:00:31]} 5. Nf3 {[%emt 0:00:23]} g6 {[%emt 0:13:25]} 6. O-O {[%emt 0:01:27]} Bg7 {[%emt 0:00:05]} 7. Qe1 {[%emt 0:01:26]} Nge7 {[%emt 0:00:56]} 8. c3 {[%emt 0:01:00]} b6 {[%emt 0:00:18]} 9. e5 {[%emt 0:02:40]} Ba6 {[%emt 0:00:22]} 10. Na3 {[%emt 0:00:53]} Qd7 {[%emt 0:05:22]} 11. b4 {[%emt 0:02:31]} cxb4 {[%emt 0:04:38]} 12. cxb4 {[%emt 0:01:30]} Nd8 {[%emt 0:01:14]} 13. Rb1 {[%emt 0:07:59]} O-O {[%emt 0:00:35]} 14. b5 {[%emt 0:02:21]} Bb7 {[%emt 0:01:28]} 15. d4 {[%emt 0:04:58]} Rc8 {[%emt 0:01:37]} 16. Bd3 {[%emt 0:04:58]} f6 {[%emt 0:06:07]} 17. Bd2 {[%emt 0:06:25]} f5 {[%emt 0:05:40]} 18. h3 {[%emt 0:08:59]} Nf7 {[%emt 0:00:50]} 19. g4 {[%emt 0:02:32]} Rc7 {[%emt 0:07:04]} 20. Kh1 {[%emt 0:06:30]} Kh8 {[%emt 0:03:58]} 21. Rg1 {[%emt 0:01:48]} Rfc8 {[%emt 0:05:17]} 22. Rg2 {[%emt 0:24:37]} Qd8 {[%emt 0:09:17]} 23. Qh4 {[%emt 0:08:05]} Ng8 {[%emt 0:03:04]} 24. Qe1 {[%emt 0:02:11]} Ngh6 {[%emt 0:04:07]} 25. g5 {[%emt 0:00:43]} Ng8 {[%emt 0:00:06]} 26. h4 {[%emt 0:00:19]} Bf8 {[%emt 0:02:24]} 27. Rb3 {[%emt 0:00:29]} Ne7 {[%emt 0:02:49]} 28. h5 {[%emt 0:00:47]} gxh5 {[%emt 0:00:36]} 29. Qh4 {[%emt 0:01:45]} Ng6 {[%emt 0:00:18]} 30. Qxh5 {[%emt 0:00:57]} Kg8 {[%emt 0:00:17]} 31. Rh2 {[%emt 0:01:17]} Nfh8 {[%emt 0:00:17]} 32. Nc2 {[%emt 0:01:47]} Qd7 {[%emt 0:01:01]} 33. Nce1 {[%emt 0:02:19]} Ra8 {[%emt 0:07:28]} 34. Qh3 {[%emt 0:01:45]} a6 {[%emt 0:02:44]} 35. a4 {[%emt 0:00:04]} axb5 {[%emt 0:00:28]} 36. axb5 {[%emt 0:00:52]} Ra3 {[%emt 0:00:39]} 37. Rxa3 {[%emt 0:00:22]} Bxa3 {[%emt 0:00:02]} 38. Ng2 {[%emt 0:01:05]} Bc1 {[%emt 0:00:25]} 39. Bxc1 {[%emt 0:00:40]} Rxc1+ {[%emt 0:00:06]} 40. Ng1 {[%emt 0:00:30]} Qc7 {[%emt 0:02:19]} 41. Qh6 {[%emt 0:14:16]} Nf8 {[%emt 0:01:53]} 42. Rh3 {[%emt 0:04:19]} Nhg6 {[%emt 0:08:16]} 43. Kh2 {[%emt 0:01:21]} Rd1 {[%emt 0:04:38]} 44. Ne2 {[%emt 0:01:32]} Bc8 {[%emt 0:00:36]} 45. Nh4 {[%emt 0:03:33]} Rd2 {[%emt 0:05:30]} 46. Nxg6 {[%emt 0:00:53]} Nxg6 {[%emt 0:00:14]} 47. Kh1 {[%emt 0:02:00]} Nxf4 {[%emt 0:00:37]} 48. Qxh7+ {[%emt 0:05:34]} Qxh7 {[%emt 0:00:10]} 49. Rxh7 {[%emt 0:00:07]} Nxd3 {[%emt 0:00:43]} 50. Rc7 {[%emt 0:01:07]} Rxe2 {[%emt 0:00:09]} 51. Rxc8+ {[%emt 0:00:07]} Kf7 {[%emt 0:01:17]} 52. Rc7+ {[%emt 0:00:34]} Kg6 {[%emt 0:01:16]} 53. Rc6 {[%emt 0:00:31]} Nf4 0-1

[Event "23rd OIBM 2019"]
[Site "Gmund am Tegernsee"]
[Date "2019.10.31"]
[Round "6.29"]
[White "Kolb, Tobias"]
[Black "Ludvik, Tomas"]
[Result "0-1"]
[WhiteElo "2073"]
[BlackElo "2305"]
[Annotator "RC"]
[PlyCount "62"]
[EventDate "2019.10.17"]
[EventType "swiss"]
[EventCountry "GER"]
[SourceTitle "playchess.com"]
[Source "ChessBase"]
[SourceQuality "1"]
[TimeControl "40/5400+30:1800+30"]

1. e4 {[%emt 0:00:00]} c5 {[%emt 0:00:00]} 2. Nc3 {[%emt 0:00:00]} Nc6 {[%emt 0:00:00]} 3. g3 {[%emt 0:00:00]} g6 {[%emt 0:00:00]} 4. Bg2 {[%emt 0:00:00]} Bg7 {[%emt 0:00:03]} 5. d3 {[%emt 0:00:00]} d6 {[%emt 0:00:06]} 6. Be3 {[%emt 0:00:00]} Rb8 {[%emt 0:00:09]} 7. Qd2 {[%emt 0:00:00]} b5 {[%emt 0:00:12]} 8. Nf3 {[%emt 0:00:00]} b4 {[%emt 0:02:22]} 9. Nd1 {[%emt 0:00:04]} Nd4 {[%emt 0:01:45]} 10. O-O {[%emt 0:00:46]} Bg4 {[%emt 0:05:48]} 11. Nh4 {[%emt 0:01:23]} Qb6 {[%emt 0:05:57]} 12. c3 {[%emt 0:12:33]} bxc3 {[%emt 0:05:17]} 13. bxc3 {[%emt 0:01:15]} Nc6 {[%emt 0:01:03]} 14. f4 {[%emt 0:07:47]} Nf6 {[%emt 0:14:43]} 15. Nf2 {[%emt 0:16:33]} Bd7 {[%emt 0:05:43]} 16. e5 {[%emt 0:00:43]} dxe5 {[%emt 0:02:00]} 17. fxe5 {[%emt 0:00:28]} Nxe5 {[%emt 0:05:00]} 18. Bf4 {[%emt 0:25:38]} Nh5 {[%emt 0:03:33]} 19. Rae1 {[%emt 0:00:36]} Nxf4 {[%emt 0:02:16]} 20. Qxf4 {[%emt 0:04:37]} Nc6 {[%emt 0:13:10]} 21. Ng4 {[%emt 0:08:15]} O-O {[%emt 0:03:36]} 22. Nh6+ {[%emt 0:00:08]} Bxh6 {[%emt 0:01:04]} 23. Qxh6 {[%emt 0:00:03]} Rbe8 {[%emt 0:01:54]} 24. Nf3 {[%emt 0:03:32]} f6 {[%emt 0:01:58]} 25. Re4 {[%emt 0:03:37]} Bf5 {[%emt 0:02:54]} 26. Rh4 {[%emt 0:01:31]} Rf7 {[%emt 0:00:46]} 27. g4 {[%emt 0:04:47]} Bxd3 {[%emt 0:01:43]} 28. Ng5 {[%emt 0:01:05]} c4+ {[%emt 0:01:48]} 29. Kh1 {[%emt 0:00:46]} fxg5 {[%emt 0:02:54]} 30. Bd5 {[%emt 0:05:18]} e6 {[%emt 0:01:02]} 31. Bxe6 {[%emt 0:02:32]} Be4+ {[%emt 0:00:09]} 0-1

[Event "23rd OIBM 2019"]
[Site "Gmund am Tegernsee"]
[Date "2019.10.31"]
[Round "6.30"]
[White "Schuster, Karsten"]
[Black "Seickel, Ralf"]
[Result "1-0"]
[WhiteElo "2304"]
[BlackElo "1993"]
[Annotator "TA"]
[PlyCount "123"]
[EventDate "2019.10.17"]
[EventType "swiss"]
[EventCountry "GER"]
[SourceTitle "playchess.com"]
[Source "ChessBase"]
[SourceQuality "1"]

{[%evp 9,123,0,10,18,8,12,23,29,53,45,133,120,115,57,53,54,56,53,85,83,101,75,103,97,106,100,102,102,124,97,125,72,86,78,87,66,81,89,78,72,75,82,75,66,93,95,92,82,186,190,185,-25,-23,-29,-27,-31,-26,-26,-10,-16,0,0,0,0,41,0,41,39,39,37,12,12,56,63,71,42,71,71,71,71,71,58,56,0,0,0,0,0,0,0,0,0,0,0,29972,29970,29977,29978,29978,29979,29980,29981,29981,29982,29982,29983,29983,29984,29986,29987,29987,29988,29988,29988,29988,29989]} 1. d4 Nf6 2. c4 g6 3. Nc3 d5 4. Nf3 Bg7 5. h4 (5. Qb3 dxc4 6. Qxc4 O-O 7. e4 Nc6 8. Be2 e5 9. d5 Nd4 10. Nxd4 exd4 11. Qxd4 c6 12. Qc4 b5 13. Qxc6 Bd7 14. Qd6 Re8 15. e5 Ng4 16. e6 fxe6 {½-½ (36) Yu,Y (2763)-Vachier Lagrave,M (2774) Khanty-Mansiysk 2019}) 5... c6 6. cxd5 {D90: Grünfeld: 4 Nf3 Bg7 sidelines} cxd5 7. Bf4 Nc6 8. e3 {White has an edge.} Bg4 9. Qb3 Qb6 $146 {[#]} (9... Na5 $14 10. Qa4+ Nc6) ({Predecessor:} 9... Na5 10. Qa4+ Bd7 11. Bb5 O-O 12. Bxd7 Nxd7 13. Nxd5 {1-0 (36) Relange,E (2466)-Le Roux,J (2546) Saint-Quentin 2014}) 10. Qxb6 $1 $16 axb6 {[#]} 11. Bb5 (11. Ne5 $1 $16) 11... Bxf3 $14 12. gxf3 e6 13. Bc7 Nd7 14. h5 Ke7 15. Kd2 Rac8 16. Bf4 Na5 17. b3 Nc6 18. Rac1 Bf6 19. Bg3 Ra8 20. hxg6 ({White should try} 20. Kc2) 20... hxg6 $16 21. Rxh8 Bxh8 22. Na4 Rc8 23. a3 Bf6 24. b4 Kd8 25. Rh1 Ke7 26. Kd3 e5 {[%cal Re5d4]} 27. Nc3 Ke6 28. e4 dxe4+ (28... Nxd4 $16 29. Bxd7+ Kxd7) 29. Nxe4 $18 {Hoping for d5+!} exd4 30. Bxc6 $2 (30. Bc4+ $18 Ke7 31. Bd6+ Ke8 32. Nxf6+ Nxf6 33. Rh8+ Kd7 34. Rxc8 Kxc8 35. Bxf7) 30... bxc6 $11 31. Nxf6 Nxf6 32. Kxd4 $16 {[%mdl 4096] Endgame KRB-KRN} Rd8+ 33. Kc3 Ra8 34. Kb3 Nd5 35. a4 f5 36. Re1+ Kf7 37. Be5 Re8 38. a5 Ra8 39. Ra1 bxa5 40. bxa5 Ra6 (40... Ke6 $5 {[%cal Re6e5]} 41. Bd4 Ra6 $16) 41. Bd4 g5 42. Ka4 Kg6 43. Rb1 g4 44. fxg4 fxg4 45. Rb7 Kf5 46. Ra7 (46. Rg7 $14) 46... Rxa7 $11 47. Bxa7 {And now Bb8 would win. KB-KN} Nc7 $1 48. Kb4 {aiming for Kc5.} Na6+ $1 49. Kc4 Ke4 50. Bb6 Kf3 51. Kd3 g3 $2 {[%mdl 8192]} (51... c5 $11) 52. fxg3 {White mates.} Kxg3 53. Ke4 Kg4 54. Ke5 c5 55. Kd5 Kf5 56. Bxc5 Kf6 57. Bd6 Kf7 58. Kc6 Ke8 59. Kb7 Kd7 60. Kxa6 Kc6 61. Ka7 Kb5 62. a6 {Accuracy: White = 53%, Black = 38%.} 1-0

[Event "23rd OIBM 2019"]
[Site "Gmund am Tegernsee"]
[Date "2019.10.31"]
[Round "6.31"]
[White "Wacker, Peter"]
[Black "Seemann, Jakub"]
[Result "1/2-1/2"]
[WhiteElo "2295"]
[BlackElo "1967"]
[Annotator "TA"]
[PlyCount "86"]
[EventDate "2019.10.17"]
[EventType "swiss"]
[EventCountry "GER"]
[SourceTitle "playchess.com"]
[Source "ChessBase"]
[SourceQuality "1"]

{[%evp 12,86,23,11,25,0,32,20,13,12,16,16,22,-12,-12,-8,-6,-12,-22,-8,-12,-10,0,0,0,0,0,-39,-37,-56,-51,-54,-55,-67,-43,-94,-88,-103,-98,-106,-90,-95,-45,-97,-101,-171,-178,-164,-173,-173,-160,-210,-27,-29,-22,-19,0,-64,0,0,0,-19,0,0,0,0,0,0,0,0,0,0,0,0,0,0,0]} 1. d4 Nf6 2. Nf3 g6 3. g3 Bg7 4. Bg2 O-O 5. O-O d6 6. a4 c6 7. a5 Qc7 {A49: 1 d4 Nf6 2 Nf3 g6 3 g3: Anti-King's Indian systems} 8. Nc3 Nbd7 9. e4 (9. Qd3 Re8 10. Rd1 h6 11. h3 Rb8 12. e4 e5 13. dxe5 dxe5 14. Qc4 b5 15. axb6 axb6 {1-0 (46) Artemiev,V (2746)-Iljiushenok,I (2540) Khanty-Mansiysk 2019}) 9... e5 10. Re1 Rb8 11. b3 $146 ({Predecessor:} 11. h3 b6 12. axb6 axb6 13. b4 b5 14. Be3 Nb6 15. Qc1 {0-1 (43) Laiz Ibanez,H (2251)-Pavlidis,A (2537) Karlsruhe 2019}) 11... Rd8 12. h3 b5 13. axb6 axb6 14. Bb2 b5 15. Qe2 exd4 16. Nxd4 b4 17. Na4 Re8 18. Qd3 Ne5 $36 {[%mdl 2048] Black has some pressure.} 19. Qd1 {White wants to play f4.} c5 20. Nf3 Nxf3+ 21. Qxf3 Re6 22. Qd3 Bb7 23. Re3 (23. c3 $15) 23... Qc6 $17 24. Bf3 Nxe4 25. Bxg7 Kxg7 26. c3 bxc3 27. Rae1 (27. Nxc3 $15 d5 28. Nxe4 dxe4 29. Qc3+ f6 30. Be2) 27... f5 {Strongly threatening ...d5.} 28. Bxe4 (28. Nxc3 $17 {was worth a try.} d5 29. b4) 28... fxe4 $19 29. Qxc3+ Kg8 30. Qc4 {[#]} Rbe8 $1 31. Rxe4 Qxe4 $2 (31... Kg7 $19 32. f3 Rxe4 33. fxe4 Rxe4 34. Qxe4 Qxe4 35. Rxe4 Bxe4) 32. Rxe4 $11 Bxe4 33. g4 g5 34. h4 (34. Nc3 $11 Ba8 35. Nd5 Bxd5 36. Qxd5) 34... h6 ({Black should try} 34... gxh4 $15 35. Nb6 Kg7) 35. hxg5 {The position is equal.} hxg5 36. Nc3 Bc6 37. Nd5 {[#] Black must now prevent Nc7.} Kf8 {Threatens to win with ...Re1+.} 38. Qd3 Re1+ 39. Kh2 $1 {And now Qf5+ would win.} R8e5 (39... Kg7 $5 40. Qc3+ $8 R8e5 $11) 40. Ne3 Rh1+ 41. Kg3 Rg1+ 42. Kh3 Rh1+ 43. Kg3 Rg1+ $1 {Accuracy: White = 52%, Black = 60%.} 1/2-1/2

[Event "23rd OIBM 2019"]
[Site "Gmund am Tegernsee"]
[Date "2019.10.31"]
[Round "6.32"]
[White "Reuter, Roland"]
[Black "Szabo, Marton Mihaly"]
[Result "0-1"]
[WhiteElo "1904"]
[BlackElo "2282"]
[Annotator "RC"]
[PlyCount "130"]
[EventDate "2019.10.17"]
[EventType "swiss"]
[EventCountry "GER"]
[SourceTitle "playchess.com"]
[Source "ChessBase"]
[SourceQuality "1"]
[TimeControl "40/5400+30:1800+30"]

1. e4 {[%emt 0:00:00]} c5 {[%emt 0:00:09]} 2. Nf3 {[%emt 0:00:00]} e6 {[%emt 0:01:06]} 3. d4 {[%emt 0:00:26]} cxd4 {[%emt 0:00:06]} 4. Nxd4 {[%emt 0:00:06]} Bc5 {[%emt 0:00:46]} 5. Be3 {[%emt 0:01:01]} Qb6 {[%emt 0:00:29]} 6. Nc3 {[%emt 0:01:57]} Nc6 {[%emt 0:01:08]} 7. Na4 {[%emt 0:03:13]} Qa5+ {[%emt 0:00:13]} 8. c3 {[%emt 0:02:11]} Bxd4 {[%emt 0:00:23]} 9. Bxd4 {[%emt 0:00:08]} Nxd4 {[%emt 0:00:05]} 10. Qxd4 {[%emt 0:00:12]} e5 {[%emt 0:00:15]} 11. Qb4 {[%emt 0:02:32]} Qxb4 {[%emt 0:00:11]} 12. cxb4 {[%emt 0:00:06]} Nf6 {[%emt 0:00:26]} 13. Nc3 {[%emt 0:00:11]} d6 {[%emt 0:01:29]} 14. Bc4 {[%emt 0:01:44]} Be6 {[%emt 0:01:17]} 15. Bxe6 {[%emt 0:03:28]} fxe6 {[%emt 0:00:53]} 16. Rd1 {[%emt 0:01:42]} Ke7 {[%emt 0:00:26]} 17. O-O {[%emt 0:01:18]} Rac8 {[%emt 0:06:19]} 18. f3 {[%emt 0:08:21]} g5 {[%emt 0:02:14]} 19. Rd3 {[%emt 0:03:49]} Rhd8 {[%emt 0:01:22]} 20. Rfd1 {[%emt 0:01:13]} a6 {[%emt 0:00:42]} 21. g3 {[%emt 0:05:02]} Rd7 {[%emt 0:08:04]} 22. a3 {[%emt 0:04:00]} b5 {[%emt 0:04:09]} 23. Kf2 {[%emt 0:02:37]} h5 {[%emt 0:05:05]} 24. Ke2 {[%emt 0:03:31]} Rcd8 {[%emt 0:04:08]} 25. Re3 {[%emt 0:01:47]} h4 {[%emt 0:06:16]} 26. g4 {[%emt 0:06:34]} Nh7 {[%emt 0:01:32]} 27. Rc1 {[%emt 0:02:45]} Nf8 {[%emt 0:02:25]} 28. Nd1 {[%emt 0:05:15]} Ng6 {[%emt 0:02:03]} 29. Rec3 {[%emt 0:02:24]} d5 {[%emt 0:02:58]} 30. Rc7 {[%emt 0:03:26]} Nf4+ {[%emt 0:05:43]} 31. Ke3 {[%emt 0:04:00]} d4+ {[%emt 0:13:41]} 32. Kd2 {[%emt 0:00:10]} Nh3 {[%emt 0:01:00]} 33. Ke2 {[%emt 0:05:53]} Rxc7 {[%emt 0:05:32]} 34. Rxc7+ {[%emt 0:00:09]} Kd6 {[%emt 0:00:27]} 35. Ra7 {[%emt 0:02:37]} Rf8 {[%emt 0:01:34]} 36. Rxa6+ {[%emt 0:00:36]} Kd7 {[%emt 0:01:39]} 37. Ra7+ {[%emt 0:04:31]} Kc6 {[%emt 0:00:08]} 38. Nf2 {[%emt 0:08:38]} Ng1+ {[%emt 0:00:48]} 39. Kf1 {[%emt 0:01:09]} Nxf3 {[%emt 0:00:22]} 40. Kg2 {[%emt 0:02:44]} Nxh2 {[%emt 0:16:35]} 41. Ra6+ {[%emt 0:32:50]} Kc7 {[%emt 0:32:50]} 42. Rxe6 {[%emt 0:03:13]} Rxf2+ {[%emt 0:00:00]} 43. Kxf2 {[%emt 0:00:00]} Nxg4+ {[%emt 0:00:00]} 44. Ke2 {[%emt 0:00:00]} Ne3 {[%emt 0:00:00]} 45. Rxe5 {[%emt 0:00:00]} g4 {[%emt 0:00:00]} 46. Rh5 {[%emt 0:00:00]} h3 {[%emt 0:00:00]} 47. Kd3 {[%emt 0:00:00]} Nf1 {[%emt 0:00:00]} 48. Rh7+ {[%emt 0:00:00]} Kd6 {[%emt 0:02:23]} 49. Kxd4 {[%emt 0:00:00]} h2 {[%emt 0:00:37]} 50. e5+ {[%emt 0:00:00]} Ke6 {[%emt 0:00:23]} 51. Rh6+ {[%emt 0:00:00]} Kf5 {[%emt 0:04:27]} 52. e6 {[%emt 0:01:51]} g3 {[%emt 0:00:12]} 53. e7 {[%emt 0:00:45]} g2 {[%emt 0:00:21]} 54. Rh5+ {[%emt 0:01:01]} Kg4 {[%emt 0:00:49]} 55. e8=Q {[%emt 0:00:54]} g1=Q+ {[%emt 0:00:00]} 56. Kd5 {[%emt 0:01:35]} Ne3+ {[%emt 0:00:23]} 57. Kc6 {[%emt 0:00:42]} h1=Q+ {[%emt 0:01:04]} 58. Rxh1 {[%emt 0:00:08]} Qxh1+ {[%emt 0:00:15]} 59. Kxb5 {[%emt 0:01:34]} Qd5+ {[%emt 0:01:00]} 60. Ka4 {[%emt 0:01:08]} Nc4 {[%emt 0:00:33]} 61. Qg6+ {[%emt 0:00:54]} Kf4 {[%emt 0:00:19]} 62. Qf6+ {[%emt 0:00:54]} Ke4 {[%emt 0:00:39]} 63. Qg6+ {[%emt 0:00:49]} Kd4 {[%emt 0:00:26]} 64. Qg4+ {[%emt 0:00:18]} Kd3 {[%emt 0:00:37]} 65. Qg3+ {[%emt 0:01:52]} Kc2 {[%emt 0:00:31]} 0-1

[Event "23rd OIBM 2019"]
[Site "Gmund am Tegernsee"]
[Date "2019.10.31"]
[Round "6.33"]
[White "Aggarwal Vansh"]
[Black "Koellner, Ruben Gideon"]
[Result "0-1"]
[WhiteElo "1901"]
[BlackElo "2265"]
[Annotator "TA"]
[PlyCount "130"]
[EventDate "2019.10.17"]
[EventType "swiss"]
[EventCountry "GER"]
[SourceTitle "playchess.com"]
[Source "ChessBase"]
[SourceQuality "1"]

{[%evp 21,130,23,25,25,57,49,67,64,107,37,35,29,54,0,0,-10,24,20,44,0,24,1,0,-16,-15,0,-10,0,29,0,37,41,74,87,107,46,69,0,0,0,0,0,0,0,8,0,0,0,0,-43,-50,-110,-110,-108,0,0,0,0,0,-150,-141,-160,-151,-274,-191,-251,-246,-285,-285,-254,-225,-468,-392,-509,-452,-450,-430,-729,-729,-819,-732,-687,-635,-1217,-1113,-1541,-1421,-12834,-12835,-5916,-5239,-12836,-12836,-29964,-12835,-29974,-12839,-12839,-12840,-12840,-12841,-12841,-12842,-29980,-29980,-29986,-12843,-29987,-29988,-29990,-29991]} 1. e4 d6 2. d4 Nf6 3. Nc3 e5 4. Nf3 Nbd7 5. Bc4 Be7 6. a4 c6 7. h3 O-O 8. O-O b6 9. Qe2 a6 10. Rd1 Qc7 11. Be3 Bb7 12. dxe5 {C41: Philidor Defence} dxe5 13. Nh4 b5 14. Nf5 {White is slightly better.} Bb4 {[#]} 15. Bd3 $146 (15. Ba2 $16) ({Predecessor:} 15. Bb3 Rfd8 16. axb5 axb5 17. Rxa8 Rxa8 18. Qf3 Bf8 19. Bg5 b4 {1-0 (28) Zelcic,R (2512)-Mencinger,V (2364) Portoroz 2016}) 15... g6 $14 16. Nh6+ Kg7 17. Ng4 (17. Bg5 $14) 17... Nxg4 $11 18. Qxg4 {[%cal Rd3b5]} Nf6 19. Qh4 {White wants to mate with Bh6+.} Ng8 20. Ne2 Be7 21. Qg3 $36 {[%mdl 2048] White is more active.} c5 {...c4 is the strong threat.} 22. c3 c4 23. Bc2 Nf6 {[%cal Bg8f6,Bf6d7,Bd7c5][%mdl 32]} 24. f3 Nd7 25. Kf1 Nc5 26. Nd4 Rfc8 27. Nf5+ $1 Kh8 28. Nxe7 (28. Bxc5 $16 gxf5 29. Bxe7 Qxe7 30. exf5) 28... Qxe7 $14 29. Bxc5 ({Better is} 29. axb5 $14 axb5 30. Rxa8 Rxa8 31. Qg5 Qxg5 32. Bxg5) 29... Rxc5 $11 30. Rd2 Rd8 31. Rxd8+ Qxd8 32. Rd1 Qe7 33. Qf2 Kg7 34. Ke1 Rc6 35. Ke2 b4 {[%cal Bb5b4,Bb4b3][%mdl 32]} 36. Qe3 (36. cxb4 $15 Qxb4 37. Rb1) 36... b3 $17 37. Bb1 Qc5 (37... Bc8 $17) 38. Rd5 $1 $11 {[%cal Rd5c5]} Qxe3+ 39. Kxe3 {[%mdl 4096] Endgame KRB-KRB} Kf6 $1 40. g3 ({White should play} 40. f4 $1 $11) 40... Ke6 $17 41. f4 {[#]} f6 $1 42. g4 (42. h4 $17) 42... Rc8 43. Rd2 (43. Rd1 $142) 43... g5 $19 44. f5+ Ke7 45. Rh2 {intending h4.} Kf7 46. h4 $2 {[#]} (46. Rd2 {was worth a try.} Ke7 47. h4 gxh4 48. Rh2) 46... gxh4 $1 47. Rxh4 Kg7 48. Rh1 Rd8 49. a5 (49. Rg1 $142 Ba8 50. a5) 49... Bc6 50. Ke2 Be8 51. Rg1 Bf7 52. Rg2 {[#]} h5 $1 {[%mdl 512]} 53. Rg1 (53. gxh5+ Kh6) 53... Kh6 54. gxh5 Bxh5+ 55. Ke3 Rd1 56. Rxd1 Bxd1 57. Bd3 cxd3 {KB-KP} 58. c4 Kg7 (58... Bc2 $142 59. Kd2 Kg7 60. c5 Kf8 61. Kc3 Ke7 62. Kd2 Kd7 63. Ke1 Kc6 64. Kd2 Kxc5 65. Ke3 Bb1 66. Kf2 Kd4 67. Kf3 Bc2 68. Kg4 Kxe4 69. Kh4 d2 70. Kh5 Kxf5 71. Kh4 d1=Q 72. Kg3 Be4 73. Kf2 Kg4 74. Ke3 Qe1#) 59. Kxd3 Bc2+ 60. Kc3 Kf7 61. Kb4 Ke7 62. Kc5 Bxe4 63. Kb6 Bd3 (63... Kd6 $142 64. Kxa6 Kc6 65. Ka7 Kc7 66. Ka6 Bc6 67. Ka7 e4 68. a6 e3 69. c5 Bf3 70. c6 e2 71. Ka8 e1=Q 72. Ka7 Qg1+ 73. Ka8 Bxc6#) 64. c5 Kd7 65. Kb7 Bb5 {Accuracy: White = 31%, Black = 75%.} 0-1

[Event "23rd OIBM 2019"]
[Site "Gmund am Tegernsee"]
[Date "2019.10.31"]
[Round "6.34"]
[White "Raupp, Thomas"]
[Black "Kneutgen, Alexander"]
[Result "1/2-1/2"]
[WhiteElo "2259"]
[BlackElo "1889"]
[Annotator "RC"]
[PlyCount "76"]
[EventDate "2019.10.17"]
[EventType "swiss"]
[EventCountry "GER"]
[SourceTitle "playchess.com"]
[Source "ChessBase"]
[SourceQuality "1"]
[TimeControl "40/5400+30:1800+30"]

1. c4 {[%emt 0:00:00]} e5 {[%emt 0:00:00]} 2. Nc3 {[%emt 0:00:43]} Nc6 {[%emt 0:00:15]} 3. Nf3 {[%emt 0:00:15]} f5 {[%emt 0:01:13]} 4. d4 {[%emt 0:00:13]} e4 {[%emt 0:00:15]} 5. Ng5 {[%emt 0:00:05]} Bb4 {[%emt 0:01:13]} 6. Nh3 {[%emt 0:00:33]} Bxc3+ {[%emt 0:03:47]} 7. bxc3 {[%emt 0:01:12]} d6 {[%emt 0:01:04]} 8. Nf4 {[%emt 0:00:44]} Nf6 {[%emt 0:01:29]} 9. e3 {[%emt 0:01:34]} O-O {[%emt 0:02:47]} 10. h4 {[%emt 0:03:48]} g6 {[%emt 0:09:31]} 11. Ba3 {[%emt 0:11:33]} b6 {[%emt 0:06:30]} 12. c5 {[%emt 0:10:10]} Na5 {[%emt 0:01:25]} 13. cxd6 {[%emt 0:15:15]} cxd6 {[%emt 0:00:13]} 14. c4 {[%emt 0:00:36]} Re8 {[%emt 0:17:02]} 15. Qa4 {[%emt 0:25:52]} Ba6 {[%emt 0:05:01]} 16. d5 {[%emt 0:00:27]} Qd7 {[%emt 0:02:29]} 17. Qxd7 {[%emt 0:11:53]} Nxd7 {[%emt 0:00:03]} 18. Bxd6 {[%emt 0:00:09]} Bxc4 {[%emt 0:04:09]} 19. Bb4 {[%emt 0:00:30]} Bxf1 {[%emt 0:04:26]} 20. Rxf1 {[%emt 0:00:12]} Rac8 {[%emt 0:01:46]} 21. Bxa5 {[%emt 0:01:02]} bxa5 {[%emt 0:00:02]} 22. Kd2 {[%emt 0:00:08]} Ne5 {[%emt 0:03:42]} 23. Rac1 {[%emt 0:02:41]} Nc4+ {[%emt 0:00:21]} 24. Ke2 {[%emt 0:00:10]} Kf7 {[%emt 0:01:31]} 25. Rfd1 {[%emt 0:02:08]} Nd6 {[%emt 0:09:32]} 26. Rc6 {[%emt 0:00:16]} Ke7 {[%emt 0:02:26]} 27. Ra6 {[%emt 0:02:24]} Rc7 {[%emt 0:01:11]} 28. Ne6 {[%emt 0:00:45]} Rb7 {[%emt 0:00:31]} 29. Nc5 {[%emt 0:03:15]} Rc7 {[%emt 0:00:59]} 30. Nb3 {[%emt 0:02:39]} Rb8 {[%emt 0:05:09]} 31. Rxa5 {[%emt 0:01:06]} Rc2+ {[%emt 0:01:10]} 32. Rd2 {[%emt 0:01:02]} Rxd2+ {[%emt 0:00:20]} 33. Nxd2 {[%emt 0:00:07]} Rb7 {[%emt 0:00:51]} 34. Ra6 {[%emt 0:01:31]} Nb5 {[%emt 0:01:36]} 35. Rc6 {[%emt 0:01:28]} Rc7 {[%emt 0:01:06]} 36. Re6+ {[%emt 0:00:48]} Kd7 {[%emt 0:00:25]} 37. Ra6 {[%emt 0:00:11]} Nc3+ {[%emt 0:00:30]} 38. Ke1 {[%emt 0:00:00]} Nxd5 {[%emt 0:01:08]} 1/2-1/2